000 00472nam a22001937a 4500
003 OSt
008 230410b |||||||| |||| 00| 0 eng d
020 _a9789399113002
082 _a658.453SHB
100 _aSHARMA,RC
245 _aBusiness Correspondence and Report Writing
250 _a6th ed
260 _aNew Delhi
_bTMH
_c2020
300 _a544
650 _aDecentralization
700 _aMOHAN,Krishna
700 _aNIRBAN,Virendra Singh
942 _2ddc
_cREF
999 _c11947
_d11947